La tradición liberal en el pensamiento de los Estados Unidos

Saved in:
Bibliografiske detaljer
Hovedforfatter: Volkomer, Walter E (Author)
Format: Bog
Sprog:spansk
Udgivet: Ciudad de México Editores Asociados 1972
Udgivelse:1a. ed
Fag:
Tags: Tilføj Tag
Ingen Tags, Vær først til at tagge denne postø!

MARC

LEADER 00000cam a2200000 a 4500
001 UCC3913
003 CL-VaPUC
008 180622e19720000mx |||||||||||||||||spa|d
082 0 4 |a 320.973  |b VOL  |2 21 
100 0 |a Volkomer, Walter E  |e author  |9 598010 
245 1 3 |a La tradición liberal en el pensamiento de los Estados Unidos 
250 |a 1a. ed 
300 |a 355 p 
942 |c BK 
945 |d 20180622 13:48:00  |a arojas 
260 |a Ciudad de México  |b Editores Asociados  |c 1972 
650 7 |a TEORIA POLITICA  |2 CL-VaPUC  |9 598011 
650 7 |a SISTEMAS POLITICOS  |2 CL-VaPUC  |9 598012 
650 0 |a Doctrinas políticas  |9 255835 
650 0 |a Capitalismo  |9 255255 
650 0 |a Liberalismo  |9 255715 
651 0 |a Estados Unidos  |9 255178 
583 |a last modification  |c 20180622 13:48:00  |k Rodrigo Vera 
999 |c 371560  |d 371558 
952 |0 0  |1 0  |3 erb  |4 0  |6 320_973000000000000_VOL_1972  |7 0  |8 A  |9 488580  |a BIBHIS  |b BIBHIS  |i 5476410  |o 320.973 VOL 1972  |p 5476410  |r 2025-01-20  |w 2019-11-24  |y BK  |z Catalogado en:20180622  |k HIS